Drapeaux de pays en 4 lettres - Statistiques

Statistiques générales
  • Ce quiz a été pris 167 fois
  • Le résultat moyen est 7 sur 8
Statistiques - réponses
Par images Réponse % Correct
Inde
99%
Iran
97%
Cuba
96%
Irak
94%
Mali
88%
Laos
84%
Togo
79%
Oman
59%
Aucun quiz correspondant
Distribution des résultats
% des personnes avec chaque résultat
Percentile par nombre de réponses
Votre historique - résultats
Vous n’avez pas pris ce quiz